000 00917nam a22003017a 4500
001 9485
003 FISKH
005 20260114103844.0
008 260114b cb ||||| |||| 00| 0 eng d
020 _a070918003998
020 _a 044841127X
040 _aFISKH
_beng
_cFISKH
_dFISKH
050 _aPZ8.M716 W
100 _aMoffatt , Judith
245 _aWho stole the cookies ? /
_cBy Judith Moffatt
260 _aNew York :
_bGrosser & Dunlap ,
_c1996.
300 _a29 unnumbered pages :
_bcolor illustrations ;
_c23 cm .
490 _aAll Abroad Reading
_vStation Stop 1
505 _aE
520 _aEach in a series of animals denies taking the cookies, but the true thief turns up in a cave.
521 8 _a270
_bLexile
521 8 _aE
_bRaz-Plus
650 _aCookies
_vFiction
650 _aAnimals
_vFiction
650 _aStory in rhyme
942 _2ddc
_cBK
_n0
999 _c9485
_d9485